Media bias / (Record no. 277098)
[ view plain ]
| 000 -LEADER | |
|---|---|
| fixed length control field | 02190cam a22003734a 4500 |
| 001 - CONTROL NUMBER | |
| control field | 16608134 |
| 005 - DATE AND TIME OF LATEST TRANSACTION | |
| control field | 20150121135747.0 |
| 008 - FIXED-LENGTH DATA ELEMENTS--GENERAL INFORMATION | |
| fixed length control field | 110112s2011 miu b 001 0 eng |
| 010 ## - LIBRARY OF CONGRESS CONTROL NUMBER | |
| LC control number | 2011001263 |
| 020 ## - INTERNATIONAL STANDARD BOOK NUMBER | |
| International Standard Book Number | 9780737751598 (hardcover) |
| 020 ## - INTERNATIONAL STANDARD BOOK NUMBER | |
| International Standard Book Number | 0737751592 (hardcover) |
| 020 ## - INTERNATIONAL STANDARD BOOK NUMBER | |
| International Standard Book Number | 9780737751604 (pbk.) |
| 020 ## - INTERNATIONAL STANDARD BOOK NUMBER | |
| International Standard Book Number | 0737751606 (pbk.) |
| 035 ## - SYSTEM CONTROL NUMBER | |
| System control number | (OCoLC)ocn696778678 |
| 040 ## - CATALOGING SOURCE | |
| Original cataloging agency | DLC |
| Transcribing agency | DLC |
| Modifying agency | MLY |
| -- | DAY |
| -- | YDXCP |
| -- | BWX |
| -- | DLC |
| 042 ## - AUTHENTICATION CODE | |
| Authentication code | pcc |
| 043 ## - GEOGRAPHIC AREA CODE | |
| Geographic area code | n-us--- |
| 050 00 - LIBRARY OF CONGRESS CALL NUMBER | |
| Classification number | P 96.O242 |
| Item number | .M489 2011 |
| 082 00 - DEWEY DECIMAL CLASSIFICATION NUMBER | |
| Classification number | 302.23 |
| 245 00 - TITLE STATEMENT | |
| Title | Media bias / |
| Statement of responsibility, etc | Susan Hunnicutt, book editor. |
| 260 ## - PUBLICATION, DISTRIBUTION, ETC. (IMPRINT) | |
| Place of publication, distribution, etc | Detroit : |
| Name of publisher, distributor, etc | Greenhaven Press, |
| Date of publication, distribution, etc | 2011. |
| 300 ## - PHYSICAL DESCRIPTION | |
| Extent | 121 pages : |
| Dimensions | 24 cm. |
| 490 1# - SERIES STATEMENT | |
| Series statement | At issue |
| 504 ## - BIBLIOGRAPHY, ETC. NOTE | |
| Bibliography, etc | Includes bibliographical references (p. 108-114) and index. |
| 505 0# - FORMATTED CONTENTS NOTE | |
| Formatted contents note | How the digital terrain is changing the way Americans get their news / Kristen Purcell, Lee Rainie, Amy Mitchell, Tom Rosenstiel, and Kenny Olmstead -- The media have always been biased / Jeremy D. Boreing -- Journalists must strive for objectivity / David Brooks -- Journalism's quest for objectivity has actually created a moral void / Chris Hedges -- It is naïve to think that journalists can avoid bias / Andrew R. Cline -- The transparency of the new social media erases the need for objectivity / Matthew Ingram -- Verification is more important than objectivity / Jack Shafer -- The mainstream media are biased in favor of the Democratic party / Dan Whitfield -- The mainstream media tilt toward the Republicans / Jonathan Weiler -- Bias in the business media contributed to the financial crisis / Dean Starkman -- Business media bias did not contribute to the financial crisis / Chris Roush -- Bias often distorts the reporting of science news / Charles W. Schmidt. |
| 521 ## - TARGET AUDIENCE NOTE | |
| Target audience note | Media Arts |
| 650 #0 - SUBJECT ADDED ENTRY--TOPICAL TERM | |
| Topical term or geographic name as entry element | Mass media |
| General subdivision | Objectivity |
| Geographic subdivision | United States. |
| 650 #0 - SUBJECT ADDED ENTRY--TOPICAL TERM | |
| Topical term or geographic name as entry element | Journalism |
| General subdivision | Objectivity |
| Geographic subdivision | United States. |
| 700 1# - ADDED ENTRY--PERSONAL NAME | |
| Personal name | Hunnicutt, Susan. |
| 830 #0 - SERIES ADDED ENTRY--UNIFORM TITLE | |
| Uniform title | At issue. |
| Name of part/section of a work | Mass media. |
| 906 ## - LOCAL DATA ELEMENT F, LDF (RLIN) | |
| a | 7 |
| b | cbc |
| c | orignew |
| d | 1 |
| e | ecip |
| f | 20 |
| g | y-gencatlg |
| 942 ## - ADDED ENTRY ELEMENTS (KOHA) | |
| Source of classification or shelving scheme | Library of Congress Classification |
| Koha item type | Books |
| Call number prefix | Foreign |
| Withdrawn status | Lost status | Source of classification or shelving scheme | Damaged status | Home library | Current library | Shelving location | Date acquired | Source of acquisition | Total Checkouts | Full call number | Barcode | Date last seen | Price effective from | Koha item type |
|---|---|---|---|---|---|---|---|---|---|---|---|---|---|---|
| Library of Congress Classification | College Library | College Library | General Circulation Section | 01/21/2015 | Library Fund | P 96.O242 .M489 2011 | C19053 | 05/15/2018 | 01/21/2015 | Books | ||||
| Library of Congress Classification | College Library | College Library | General Circulation Section | 02/28/2015 | Library Fund | P 96.O242 .M489 2011 | C19100 | 05/15/2018 | 02/28/2015 | Books |